00466nam a22001457a 4500003000400000005001700004008004100021020001800062040001900080042000800099100003200107245012400139260003700263300002000300OSt20191111162238.0191111s2019 sp 000 0 spa d a9788417678210 aDLCbcatcCDMR apcc1 aHernández, Marina,d1989-10aCaballo perdedor b: la entusiasta historia de un grupo de inmigrantes que decidió aspirar a la alcaldía de Madrid. aMadrid :bLibros del K.O.,c2019 a101 p. ;c19 cm